Welcome to Marium Abdulla Library

Embrace knowledge with a breath of fresh air.

Browse Collection

Marium Abdulla Library

Walid Raad (Record no. 9860)

MARC details
000 -LEADER
fixed length control field 00520nam a2200241Ia 4500
001 - CONTROL NUMBER
control field 12229
003 - CONTROL NUMBER IDENTIFIER
control field IVS
005 - DATE AND TIME OF LATEST TRANSACTION
control field 20250626030303.0
008 - FIXED-LENGTH DATA ELEMENTS--GENERAL INFORMATION
fixed length control field 211022s9999 xx 000 0 und d
020 ## - INTERNATIONAL STANDARD BOOK NUMBER
International Standard Book Number 9780870709739
040 ## - CATALOGING SOURCE
Transcribing agency IVS
082 ## - DEWEY DECIMAL CLASSIFICATION NUMBER
Classification number 701 RES
Edition information 23
Item number 12229
100 ## - MAIN ENTRY--PERSONAL NAME
Personal name Respini, Eva
245 #0 - TITLE STATEMENT
Title Walid Raad
260 ## - PUBLICATION, DISTRIBUTION, ETC.
Place of publication, distribution, etc. "New York,"
260 ## - PUBLICATION, DISTRIBUTION, ETC.
Name of publisher, distributor, etc. "Museum of Modern Art,"
260 ## - PUBLICATION, DISTRIBUTION, ETC.
Date of publication, distribution, etc. 2015
300 ## - PHYSICAL DESCRIPTION
Extent 192
650 ## - SUBJECT ADDED ENTRY--TOPICAL TERM
Topical term or geographic name entry element Art
650 ## - SUBJECT ADDED ENTRY--TOPICAL TERM
Topical term or geographic name entry element Lebanon
650 ## - SUBJECT ADDED ENTRY--TOPICAL TERM
Topical term or geographic name entry element Photography
942 ## - ADDED ENTRY ELEMENTS (KOHA)
Koha item type Reference
Source of classification or shelving scheme Dewey Decimal Classification
Suppress in OPAC No
Holdings
Date last seen Total checkouts Full call number Barcode Date last checked out Price effective from Koha item type Lost status Damaged status Not for loan Collection Withdrawn status Home library Current library Shelving location Date acquired Source of acquisition Cost, normal purchase price
08/29/2023 1 701 RES 12229 08/15/2023 10/26/2021 Reference       Fine Arts   Marium Abdulla Library Marium Abdulla Library Reference 03/21/2016 Book Network International 5472.00